Webaplikácia pre vizualizáciu údajov

Salvato in:
Dettagli Bibliografici
Autore principale: Šimčíková, Simona (Autore)
Altri autori: Čavojský, Maroš (Relatore della tesi)
Natura: Manoscritto Libro
Lingua:slovacco
Pubblicazione: 2017
Soggetti:
Accesso online:http://is.stuba.sk/zp/portal_zp.pl?podrobnosti=116144
Tags: Aggiungi Tag
Nessun Tag, puoi essere il primo ad aggiungerne!!

MARC

LEADER 00000ntm a22000003a 4500
001 stuzp60895
003 SK-STU
005 20170801091029.3
007 ta
008 150427s2015----xo-----f-mn---000-0-slo-d
040 |a STU  |b slo 
041 0 |a slo 
044 |a xo 
100 1 |a Šimčíková, Simona  |u 035000  |4 aut  |U FEI Fakulta elektrotechniky a informatiky  |T FEI Ústav informatiky a matematiky  |X 74814  |U E050  |Y 816  |7 74814 
242 0 1 |a Web application for data visualisation  |y eng 
245 1 0 |a Webaplikácia pre vizualizáciu údajov 
260 |c 2017 
300 |a 40 s.,   |b CD-ROM 
650 4 |a vizualizácia  |2 slo 
650 4 |a dáta  |2 slo 
650 4 |a graf  |2 slo 
650 4 |a mapa  |2 slo 
650 4 |a visualisation  |2 eng 
650 4 |a data  |2 eng 
650 4 |a graph  |2 eng 
650 4 |a map  |2 eng 
700 1 |a Čavojský, Maroš  |u 035000  |k Z3  |4 ths  |U FEI Fakulta elektrotechniky a informatiky  |T FEI Ústav informatiky a matematiky  |X 64790  |U E050  |Y 816  |7 A000064790 
856 4 |u http://is.stuba.sk/zp/portal_zp.pl?podrobnosti=116144 
996 |b 284ER02550  |c E*Bc- 2550  |l EE35  |s P  |a 0  |w stuzp60895_0001